Statystyki dla Zwycięzcy Mistrzostw Europy w Piłce Nożnej

Kliknij tutaj aby rozwiązać quiz!

Ogólne statystyki

  • Ten quiz został rozwiązany 843 razy
  • Średni wynik to 14 z 16

Statystyki odpowiedzi

RokKraj% Poprawnych
2008Hiszpania
98%
1964Hiszpania
98%
2012Hiszpania
98%
2016Portugalia
98%
1968Włochy
98%
2020Włochy
98%
1984Francja
97%
2000Francja
97%
1972Niemcy
96%
1996Niemcy
96%
2004Grecja
87%
1988Holandia
83%
1992Dania
76%
1960ZSRR
68%
1976Czechosłowacja
61%
1980RFN
58%

Rozkład punktacji

Percentyl według liczby udzielonych odpowiedzi

Procent ludzi z każdym wynikiem

Twoja historia wyników

Nie rozwiązałeś tego quizu